01127nam a22002657a 4500999001500000001000600015003000900021005001700030008004100047020001500088040003800103082001600141100001800157245007100175260005200246300004100298504004000339651002800379700002100407700001900428942001200447952014100459952013200600952012900732 c3704d370419847BD-DhUAP20210130141009.0200311s2004 ii a|||| b||| 001 0 eng d a8174731253 aBD-DhUAPbEngcBD-DhUAPdBD-DhUAP 223a942 THO aThorn, John.  aA history of England /cJohn Thorn, Roger Lockyer and David Smith. aNew Delhi :bA. I. T. B. S. publishers,cc2004. a600 pages :billustrations ;c22 cm. aIncludes bibliographies and index.  aGreat BritainvHistory. aLockyer, Roger.  aSmith, David.  2ddccBK 00102ddc4070aUAPCLbUAPCLcGeneral Stacksd2020-03-11l1o942 THOp3010019847q2024-10-08r2024-09-24s2024-09-24t1w2020-03-11yBK 00102ddc4070aUAPCLbUAPCLcGeneral Stacksd2020-03-12l1m1o942 THOp3010019846r2024-12-28s2024-12-11t2w2020-03-12yBK 00102ddc4070aUAPCLbUAPCLcGeneral Stacksd2020-03-12l1o942 THOp3010019845r2022-01-20s2022-01-10t3w2020-03-12yBK